[Event "Montreal Mercredi 05"]
[Site "Montreal"]
[Date "2011.06.15"]
[Round "5"]
[White "Frangulian, Eric"]
[Black "Yu, Zong Yang"]
[Result "1-0"]
[WhiteElo "1667"]
[BlackElo "1620"]
[PlyCount "99"]
[EventDate "2011.05.18"]
[EventType "swiss"]
[EventRounds "5"]
[EventCountry "CAN"]
[SourceTitle "EXT 2022"]
[Source "ChessBase"]
[SourceDate "2021.10.06"]
[SourceVersion "1"]
[SourceVersionDate "2021.10.06"]
[SourceQuality "1"]

1. e4 c5 2. Nf3 d6 3. d4 cxd4 4. Nxd4 Nf6 5. Nc3 g6 6. Be2 Bg7 7. 0-0 0-0 8. Be3 Nc6 9. Nxc6 bxc6 10. Qd2 Be6 11. f3 Qc7 12. Bh6 Bxh6 13. Qxh6 Qb6+ 14. Kh1 Qxb2 15. Qd2 Qa3 16. f4 d5 17. f5 Bd7 18. fxg6 hxg6 19. exd5 Nxd5 20. Nxd5 cxd5 21. Qxd5 Be6 22. Qe5 Rad8 23. Rf3 Qd6 24. Qxd6 Rxd6 25. Rd3 Rc6 26. Rd2 Bf5 27. c4 e5 28. Rad1 Rfc8 29. Rc1 Be6 30. Rdc2 e4 31. Kg1 Rc5 32. h3 Rg5 33. Rc3 Rcc5 34. Re3 f5 35. h4 f4 36. Rxe4 Rge5 37. Rxe5 Rxe5 38. Kf2 Bd7 39. c5 Kf7 40. c6 Bc8 41. Rc4 Rxe2+ 42. Kxe2 Ba6 43. Kd3 Ke6 44. Kd4 Bxc4 45. Kxc4 Kd6 46. Kb5 Kc7 47. Kc5 Kc8 48. Kd6 a5 49. c7 a4 50. a3 1-0

[Event "Montreal Mercredi 05"]
[Site "Montreal"]
[Date "2011.05.18"]
[Round "1"]
[White "Frangulian, Eric"]
[Black "Efpraxiadis, Jean"]
[Result "1/2-1/2"]
[WhiteElo "1667"]
[BlackElo "1604"]
[PlyCount "71"]
[EventDate "2011.05.18"]
[EventType "swiss"]
[EventRounds "5"]
[EventCountry "CAN"]
[SourceTitle "EXT 2022"]
[Source "ChessBase"]
[SourceDate "2021.10.06"]
[SourceVersion "1"]
[SourceVersionDate "2021.10.06"]
[SourceQuality "1"]

1. e4 d6 2. d4 Nf6 3. Nc3 e5 4. dxe5 dxe5 5. Qxd8+ Kxd8 6. Bc4 Ke8 7. Nf3 Bd6 8. Bg5 Nbd7 9. 0-0-0 a6 10. Rhe1 h6 11. Bh4 b6 12. Nd5 Bb7 13. Nxf6+ Nxf6 14. Bxf6 gxf6 15. Nh4 Rd8 16. Nf5 Bc8 17. Ne3 c6 18. f3 b5 19. Bb3 h5 20. c4 Ke7 21. cxb5 axb5 22. a4 Bc5 23. axb5 Bxe3+ 24. Rxe3 Rxd1+ 25. Bxd1 cxb5 26. Bb3 Be6 27. Bxe6 fxe6 28. Rd3 Rc8+ 29. Kd2 Rc4 30. b3 Rd4 31. Rxd4 exd4 32. Kd3 e5 33. b4 Kf7 34. h4 Kg7 35. Ke2 Kg6 36. Kd3 1/2-1/2

[Event "Montreal Mercredi 11"]
[Site "Montreal"]
[Date "2010.11.17"]
[Round "2"]
[White "Frangulian, Eric"]
[Black "Dardoura, Khaled"]
[Result "1-0"]
[WhiteElo "1511"]
[BlackElo "1558"]
[PlyCount "91"]
[EventDate "2010.11.17"]
[EventType "swiss"]
[EventRounds "5"]
[EventCountry "CAN"]
[SourceTitle "EXT 2013"]
[Source "ChessBase"]
[SourceDate "2012.11.22"]
[SourceVersion "1"]
[SourceVersionDate "2012.11.22"]
[SourceQuality "1"]

1. e4 c6 2. d4 d5 3. e5 Bf5 4. Nf3 e6 5. Bd3 Bxd3 6. Qxd3 Qa5+ 7. Bd2 Qa6 8. Qxa6 Nxa6 9. 0-0 Nb4 10. Rc1 c5 11. a3 Nc6 12. Be3 cxd4 13. Bxd4 Nxd4 14. Nxd4 Rc8 15. Nd2 Bc5 16. N2b3 Bxd4 17. Nxd4 a6 18. f4 Ne7 19. Kf2 Rc4 20. c3 Kd7 21. g3 Rhc8 22. Rd1 Nc6 23. Ke3 Na5 24. Rab1 g6 25. Rd2 R4c7 26. Rc2 Nc4+ 27. Kd3 Ke7 28. g4 h6 29. h3 Rf8 30. Re1 Na5 31. f5 gxf5 32. gxf5 Rg8 33. fxe6 Rg3+ 34. Re3 Rxe3+ 35. Kxe3 Nc4+ 36. Kf4 fxe6 37. Rg2 Kf7 38. Rg7+ Kxg7 39. Nxe6+ Kf7 40. Nxc7 Nxb2 41. Kf5 Nc4 42. Nxd5 Nxa3 43. e6+ Kg7 44. Nc7 Nc4 45. e7 a5 46. Ke6 1-0

[Event "Montreal Mercredi 05"]
[Site "Montreal"]
[Date "2007.06.06"]
[Round "4"]
[White "Frangulian, Eric"]
[Black "Bergeron, Rene"]
[Result "1-0"]
[WhiteElo "1545"]
[BlackElo "1546"]
[PlyCount "57"]
[EventDate "2007.05.16"]
[EventType "swiss"]
[EventRounds "6"]
[EventCountry "CAN"]
[SourceTitle "EXT 2022"]
[Source "ChessBase"]
[SourceDate "2021.10.06"]
[SourceVersion "1"]
[SourceVersionDate "2021.10.06"]
[SourceQuality "1"]

1. e4 d5 2. exd5 Qxd5 3. Nc3 Qd6 4. d4 Nf6 5. Nf3 Bg4 6. Be2 Nc6 7. Nb5 Qd7 8. Bf4 Rc8 9. Be3 e6 10. 0-0 a6 11. Nc3 Be7 12. Ne5 Nxe5 13. dxe5 Qxd1 14. Raxd1 Bxe2 15. Nxe2 Nd5 16. Bc1 0-0 17. a3 Rfd8 18. Ng3 b5 19. Ne4 h6 20. Rd3 Rd7 21. Rg3 g5 22. f4 Rcd8 23. fxg5 hxg5 24. Bxg5 Bxg5 25. Nxg5 Kf8 26. Nh7+ Ke7 27. Rg7 Ke8 28. Ng5 Ne3 29. Rg8+ 1-0

[Event "Montreal Mercredi 05"]
[Site "Montreal"]
[Date "2007.05.23"]
[Round "2"]
[White "Frangulian, Eric"]
[Black "Landry, Martin"]
[Result "1/2-1/2"]
[WhiteElo "1545"]
[BlackElo "1545"]
[PlyCount "90"]
[EventDate "2007.05.16"]
[EventType "swiss"]
[EventRounds "6"]
[EventCountry "CAN"]
[SourceTitle "EXT 2022"]
[Source "ChessBase"]
[SourceDate "2021.10.06"]
[SourceVersion "1"]
[SourceVersionDate "2021.10.06"]
[SourceQuality "1"]

1. e4 c5 2. Nf3 d6 3. d4 cxd4 4. Nxd4 Nf6 5. Nc3 a6 6. Be3 Nc6 7. f3 e6 8. Qd2 Be7 9. 0-0-0 Bd7 10. h4 Rc8 11. h5 Qa5 12. Nxc6 Bxc6 13. g4 d5 14. Kb1 dxe4 15. g5 Nd5 16. Nxe4 Nb4 17. a3 Bd5 18. c4 Bxe4+ 19. fxe4 Rd8 20. Qe1 Rxd1+ 21. Qxd1 Qe5 22. Qd4 Nc6 23. Qxe5 Nxe5 24. Bd4 Nf3 25. Bxg7 Rg8 26. Bc3 Rxg5 27. Be2 Rg3 28. Rf1 Ng5 29. e5 Bxa3 30. Be1 Re3 31. Bd1 Be7 32. Bc3 Ne4 33. Ba4+ b5 34. cxb5 Nxc3+ 35. bxc3 axb5 36. Bxb5+ Kf8 37. c4 Rxe5 38. Rh1 h6 39. Kc2 Kg7 40. Kd3 Bc5 41. Rh3 Kf6 42. Be8 Ke7 43. Ba4 Kf6 44. Be8 Ke7 45. Ba4 Kf6 1/2-1/2

[Event "Quebec-ch qual 1"]
[Site "Montreal"]
[Date "2007.05.04"]
[Round "1"]
[White "Frangulian, Eric"]
[Black "Torkan, Behnam"]
[Result "0-1"]
[WhiteElo "1539"]
[BlackElo "1904"]
[PlyCount "44"]
[EventDate "2007.05.04"]
[EventType "swiss"]
[EventRounds "5"]
[EventCountry "CAN"]
[SourceTitle "EXT 2022"]
[Source "ChessBase"]
[SourceDate "2021.10.06"]
[SourceVersion "1"]
[SourceVersionDate "2021.10.06"]
[SourceQuality "1"]

1. e4 c5 2. Nf3 e6 3. d4 cxd4 4. Nxd4 a6 5. Nc3 Qc7 6. Be3 Bb4 7. Qd3 Nf6 8. Bd2 Nc6 9. f3 Ne5 10. Qe3 b5 11. Bd3 Bb7 12. Nb3 h6 13. a3 Be7 14. Qe2 Rc8 15. 0-0 0-0 16. Rac1 Nc4 17. Bxc4 bxc4 18. Nd4 Qb6 19. Qf2 d5 20. e5 Nd7 21. Rfe1 Bc5 22. Na4 Bxd4 0-1

[Event "Montreal Mercredi 04"]
[Site "Montreal"]
[Date "2007.05.02"]
[Round "5"]
[White "Maharisoa, Tantely"]
[Black "Frangulian, Eric"]
[Result "0-1"]
[WhiteElo "1548"]
[BlackElo "1522"]
[PlyCount "77"]
[EventDate "2007.04.04"]
[EventType "swiss"]
[EventRounds "5"]
[EventCountry "CAN"]
[SourceTitle "EXT 2022"]
[Source "ChessBase"]
[SourceDate "2021.10.06"]
[SourceVersion "1"]
[SourceVersionDate "2021.10.06"]
[SourceQuality "1"]

1. d4 Nf6 2. c4 g6 3. Nc3 Bg7 4. Nf3 0-0 5. g3 d6 6. Bg2 c6 7. 0-0 Nbd7 8. Rb1 e5 9. dxe5 Nxe5 10. Qd4 Nfg4 11. Qf4 Be6 12. h3 Nxf3+ 13. Bxf3 Ne5 14. Rd1 Nxc4 15. Ne4 d5 16. b3 Ne5 17. Bg2 Qe7 18. Bb2 f6 19. Nc3 g5 20. Qc1 Qf7 21. Ba3 Rfe8 22. Na4 Rad8 23. Rb2 Ng6 24. Rbd2 f5 25. Nc5 Bc8 26. e4 d4 27. Bb2 b6 28. exf5 Bxf5 29. Nb7 c5 30. Re1 Rxe1+ 31. Qxe1 Re8 32. Qd1 Qe7 33. Bf1 Ne5 34. Bg2 Qf6 35. Re2 g4 36. h4 Re7 37. Qd2 Bh6 38. Qd1 Nf3+ 39. Bxf3 0-1

[Event "Montreal Mercredi 04"]
[Site "Montreal"]
[Date "2007.04.25"]
[Round "4"]
[White "Frangulian, Eric"]
[Black "Tong, Tan Guang"]
[Result "1-0"]
[WhiteElo "1522"]
[BlackElo "1519"]
[PlyCount "153"]
[EventDate "2007.04.04"]
[EventType "swiss"]
[EventRounds "5"]
[EventCountry "CAN"]
[SourceTitle "EXT 2022"]
[Source "ChessBase"]
[SourceDate "2021.10.06"]
[SourceVersion "1"]
[SourceVersionDate "2021.10.06"]
[SourceQuality "1"]

1. e4 e5 2. Nf3 Nc6 3. d4 exd4 4. Nxd4 Nf6 5. Nxc6 bxc6 6. e5 Qe7 7. Qe2 Nd5 8. c4 Ba6 9. g3 Qb4+ 10. Qd2 Bxc4 11. Qxb4 Bxb4+ 12. Bd2 Bxf1 13. Kxf1 Rb8 14. b3 0-0 15. Kg2 Rfe8 16. Bxb4 Nxb4 17. Nc3 Rxe5 18. Rhd1 d6 19. a3 Nd5 20. Nxd5 Rxd5 21. Re1 Kf8 22. Re3 Re8 23. Rc3 c5 24. b4 Ree5 25. b5 Ke7 26. a4 Kd7 27. a5 c4 28. b6 cxb6 29. axb6 axb6 30. Ra7+ Ke6 31. Rxc4 Rc5 32. Rf4 Rf5 33. Re4+ Rce5 34. Rxe5+ Kxe5 35. Rb7 d5 36. Rxb6 d4 37. f3 Rf6 38. Rb5+ Kd6 39. Rb7 Kc6 40. Ra7 Kb5 41. Rd7 Kc4 42. Kf2 Kd3 43. Ra7 g6 44. Ra3+ Kc2 45. Ra2+ Kb3 46. Ra7 Rd6 47. Rxf7 d3 48. Ke1 d2+ 49. Kd1 h5 50. f4 Rd5 51. Rf6 g5 52. fxg5 Rxg5 53. Kxd2 Kc4 54. Ke3 Rg4 55. Rf4+ Kd5 56. Rxg4 hxg4 57. Kf4 Ke6 58. Kxg4 Kf6 59. h4 Kg6 60. h5+ Kh6 61. Kh4 Kh7 62. g4 Kh6 63. g5+ Kh7 64. g6+ Kh6 65. Kg4 Kg7 66. Kg5 Kg8 67. h6 Kh8 68. g7+ Kh7 69. Kf6 Kg8 70. h7+ Kxh7 71. Kf7 Kh6 72. g8Q Kh5 73. Kf6 Kh4 74. Kf5 Kh3 75. Kf4 Kh2 76. Kf3 Kh1 77. Qg2# 1-0